| 000 | 00502nam a22001817a 4500 | ||
|---|---|---|---|
| 999 |
_c31221 _d31219 |
||
| 003 | OSt | ||
| 005 | 20181121112936.0 | ||
| 008 | 181121b ||||| |||| 00| 0 eng d | ||
| 020 | _a0925703028 | ||
| 040 |
_aMMU _bMMU _cMMU |
||
| 050 | _aBT130 .M674 1989 | ||
| 245 |
_aHere is your God : _ba study in the nature and attributes of God / _cRobert A. Morey |
||
| 260 |
_aMassachusetts : _bCrowne, _c1989 |
||
| 300 | _a142 p.: | ||
| 500 | _aIncludes bibliography | ||
| 650 | _aGod | ||
| 942 |
_2lcc _cLOAN LOAN |
||